Countries that Start with N - Map Quiz - Statistics

General Stats
  • This quiz has been taken 98 times
  • The average score is 11 of 11
Answers on the Map
Answers color-coded by a green-red scale on the quiz's map according to % correct below.
 
Answer Stats
Country % Correct
New Zealand
100%
Norway
100%
Niger
99%
Nigeria
99%
North Korea
99%
Nepal
98%
Nicaragua
97%
Netherlands
95%
Namibia
94%
North Macedonia
93%
Nauru
89%
No matching quizzes found
Score Distribution
Percent of People with Each Score
Percentile by Number Answered
Your Score History
You have not taken this quiz